Mots difficiles en C - Statistiques

Statistiques générales
  • Ce quiz a été pris 586 fois
  • Le résultat moyen est 11 sur 15
Statistiques - réponses
Question Réponse % Correct
Cellophane (nom) Film transparent pour emballer les aliments
100%
Coquet (adjectif) Qui cherche à plaire
93%
Calomnier (verbe) Attaquer l'honneur de quelqu'un
86%
Corollaire (nom) Fait qui résulte inévitablement d'un autre fait
84%
Claudiquer (verbe) Boîter
82%
Candeur (nom) Qualité d'une personne pure et innocente
82%
Chérubin (nom) Ange
79%
Clepsydre (nom) Sablier dans lequel de l'eau remplace le sable
79%
Céans (adverbe) Ici, en ces lieux
71%
Cramoisi (adjectif) Rouge, presque violet
68%
Caduc (adjectif) Qui tombe après avoir rempli sa fonction
66%
Cynique (adjectif) Qui exprime des opinions contraires à la morale
63%
Callipyge (adjectif) Qui a de belles fesses
54%
Candélabre (nom) Support pour luminaires
50%
Cloaque (nom) Egouts
39%
Aucun quiz correspondant
Distribution des résultats
% des personnes avec chaque résultat
Percentile par nombre de réponses
Votre historique - résultats
Vous n’avez pas pris ce quiz